Пучина: повесть

Bibliografiske detaljer
Hovedforfatter: Сажин И. С. Иван Сидорович
Summary:Исключено из фонда НТБ ТПУ
Sprog:russisk
Udgivet: Львов, Камэняр, 1990
Format: MixedMaterials Bog
KOHA link:https://koha.lib.tpu.ru/cgi-bin/koha/opac-detail.pl?biblionumber=310235

MARC

LEADER 00000nam0a2200000 4500
001 310235
005 20231101012855.0
010 |a 5774502066 
035 |a (RuTPU)RU\TPU\book\335584 
090 |a 310235 
100 |a 20151123d1990 m y0rusy50 ca 
101 0 |a rus 
102 |a UA 
105 |a y z 000ay 
200 1 |a Пучина  |e повесть  |f И. С. Сажин 
210 |a Львов  |c Камэняр  |d 1990 
215 |a 230 с. 
333 |a Исключено из фонда НТБ ТПУ 
700 1 |a Сажин  |b И. С.  |g Иван Сидорович 
801 1 |a RU  |b 63413507  |c 20151123 
801 2 |a RU  |b 63413507  |c 20220517  |g RCR 
942 |c BK